Episodes d'apparition des personnages de One Piece - Statistiques

Statistiques générales
  • Ce quiz a été pris 110 fois
  • Le résultat moyen est 17 sur 50
Statistiques - réponses
Episode d'apparition Personnage % Correct
Episode 1 Arc Romance Dawn Monkey D.Luffy
79%
Episode 1 Arc Romance Dawn Koby
71%
Episode 1 Arc Romance Dawn Roronoa Zoro
71%
Episode 1Arc Romance Dawn Gol D.Roger
70%
Episode 1 Arc Romance Dawn Nami
66%
Episode 20 Arc Baratie Vinsmoke Sanji
64%
Episode 23 Arc Baratie Dracule Mihawk
55%
Episode 52 Arc Loguetown Monkey D.Dragon
55%
Episode 4Arc Ville d'Orange Baggy le Clown
54%
Episode 81Arc Royaume de Drum Tony Tony Chopper
54%
Episode 62 Arc Reverse Mountain Nefertari Vivi
50%
Episode 233Arc Water Seven Franky le Cyborg
48%
Episode 167Arc Skypiea Ener
46%
Episode 67 Arc Whiskey Peak Nico Robin
45%
Episode 409Arc Amazon Lily Boa Hancock
41%
Episode 146Arc Jaya Barbe-Noire
39%
Episode 67 Arc Whiskey Peak Crocodile
39%
Episode 8 Arc Ville d'Orange Usopp
39%
Episode 337Arc Thriller Bark Brook
38%
Episode 581Arc Punk Hazard Cesar Clown
34%
Episode 225Arc Le Retour de Foxy Kuzan Aokiji
34%
Episode 392 Arc Sabaody Trafalgar D.Waterlaw
32%
Episode 1096Arc Ile d'Egg Head Vegapunk
32%
Episode 392 Arc Sabaody Eustass Captain Kid
30%
Episode 392Arc Sabaody Jewerly Bonney
29%
Episode 392 Arc Sabaody Basil Hawkins
27%
Episode 430Arc Impel Down Jinbei
27%
Episode 392 Arc Sabaody Killer
27%
Episode 4Arc Ville d'Orange Shanks le Roux
27%
Episode 392 Arc Sabaody Urouge
27%
Episode 392 Arc Sabaody Capone Gang Bege
25%
Episode 392 Arc Sabaody Scratchmen Apoo
25%
Episode 398Arc Sabaody Borsalino Kizaru
23%
Episode 151Arc Jaya DonQuichotte Doflamingo
23%
Episode 91Arc Royaume de Drum Portgas D.Ace
21%
Episode 438Arc Impel Down Emporio Ivankov
20%
Episode 885Arc Rêverie Imu
20%
Episode 392 Arc Sabaody X-Drake
20%
Episode 151Arc Jaya Bartholomew Kuma
18%
Episode 494Arc Post-Marineford Sabo
18%
Episode 753Arc Zou Carrot
16%
Episode 151Arc Jaya Barbe-Blanche
14%
Episode 571Arc Ile des Hommes-Poissons Big Mom
14%
Episode 278Arc Enies Lobby Sakazuki Akainu
14%
Episode 151Arc Jaya Sengoku
14%
Episode 630Arc Dressrosa Issho Fujitora
13%
Episode 739Arc Dressrosa Kaido
11%
Episode 151Arc Jaya Marco le Phénix
9%
Episode 68Arc Whiskey Peak Monkey D.Garp
9%
Episode 635Arc Dressrosa Bartolomeo
4%
Aucun quiz correspondant
Distribution des résultats
% des personnes avec chaque résultat
Percentile par nombre de réponses
Votre historique - résultats
Vous n’avez pas pris ce quiz